Home and away (Record no. 79354)

MARC details
000 -LEADER
fixed length control field 00619cab a22002175a 4500
001 - CONTROL NUMBER
control field L140814
008 - FIXED-LENGTH DATA ELEMENTS--GENERAL INFORMATION
fixed length control field 071012e20070927xxk f 000 0 eng d
035 ## - SYSTEM CONTROL NUMBER
System control number (Sirsi) u140814
041 0# - LANGUAGE CODE
Language code of text/sound track or separate title eng
100 1# - MAIN ENTRY--PERSONAL NAME
Personal name Mannion, Richard
245 00 - TITLE STATEMENT
Title Home and away
260 ## - PUBLICATION, DISTRIBUTION, ETC.
Date of publication, distribution, etc. 2007
490 #0 - SERIES STATEMENT
Series statement Taxation
Volume/sequential designation 27 September 2007, 341-344(4)
520 ## - SUMMARY, ETC.
Summary, etc. Discusses new rules relating to property owned via a company proposed in draft legislation.
590 ## - LOCAL NOTE (RLIN)
Local note KA
651 #4 - SUBJECT ADDED ENTRY--GEOGRAPHIC NAME
Geographic name United Kingdom
Chronological subdivision
651 #4 - SUBJECT ADDED ENTRY--GEOGRAPHIC NAME
Geographic name France
651 #4 - SUBJECT ADDED ENTRY--GEOGRAPHIC NAME
Geographic name Spain
690 ## - LOCAL SUBJECT ADDED ENTRY--TOPICAL TERM (OCLC, RLIN)
Topical term or geographic name as entry element PROPERTY-RESIDENTIAL PROPERTY-RESIDENTIAL PROPERTY TAXATION
942 ## - ADDED ENTRY ELEMENTS (KOHA)
Suppress in OPAC 0
Holdings
Withdrawn status Lost status Source of classification or shelving scheme Damaged status Not for loan Home library Current library Shelving location Date acquired Total Checkouts Full call number Barcode Date last seen Copy number Price effective from Koha item type
    Dewey Decimal Classification     London London Journal article 12/10/2007   L140814 140814-1001 06/08/2019 1 06/08/2019 Journal article